• 首页
  • 本馆介绍
  • 公告通知
  • 最新文献
  • 馆藏检索
  • 电子资源
  • 读者导购
  • 参考咨询
  • 我的图书馆
  • 登录
  • 详细信息显示
  • 放入我的书架
  • 预约/预借图书
  • 作者相关作品
  • 分类相关作品
  • 丛书相关作品
  • 出版社相关作品

书目信息

  • 表格格式
  • 工作单格式
  • 卡片格式
题名:
《黄帝内经》中的对症食养方
    
 
作者: 臧俊岐 主编
分册:  
出版信息: 南昌   江西科学技术出版社  2020.8
页数: 256页
开本: 25cm
丛书名:
单 册:
中图分类: R221 , R247.1
科图分类:
主题词:
电子资源:
ISBN: 978-7-5390-4997-7
000 01156nam0 2200241 45
001 012001002156
005 20140913132221.0
010    @a978-7-5390-4997-7@dCNY49.00
100    @a20141021d2014 em y0chiy50 ea
101 0  @achi
102    @aCN@b360000
105    @aa z 000yy
106    @ar
200 1  @a《黄帝内经》中的对症食养方@A《huang di nei jing》zhong de dui zheng shi yang fang@b专著@f臧俊岐主编
210    @a南昌@c江西科学技术出版社@d2020.8
215    @a256页@c彩图@d25cm
330    @a本书共分为九章,第一章主要讲春季常见疾病的病因及预防,并列出对症食养方;第二章主要讲夏季常见疾病的病因和预防;第三章主要讲秋季常见疾病的病因及预防;第四章主要讲冬季常见病的病因及预防;第五章主要介绍具有补血、养心功效的食材、中药材及食养方;第六章主要介绍具有疏肝理气功效的食材、中药材及食养方;第七章主要介绍具有清脾健胃功效的食材、中药材及食养方;第八章主要介绍具有清肺润肺功效的食材、中药材及食养方;第九章主要讲具有滋阴补肾功效的食材、中药材及食养方。
605    @a《内经》@x食物养生
690    @aR221@v5
690    @aR247.1@v5
701  0 @a臧俊岐@Azang jun qi@f(1942.2 )@4主编
801  0 @aCN@bBJSDL@c20211011
905    @b1338652-5@dR221@e588@f4
    
    《黄帝内经》中的对症食养方/臧俊岐主编.-南昌:江西科学技术出版社,2020.8
    256页:彩图;25cm
    
    
    ISBN 978-7-5390-4997-7:CNY49.00
    本书共分为九章,第一章主要讲春季常见疾病的病因及预防,并列出对症食养方;第二章主要讲夏季常见疾病的病因和预防;第三章主要讲秋季常见疾病的病因及预防;第四章主要讲冬季常见病的病因及预防;第五章主要介绍具有补血、养心功效的食材、中药材及食养方;第六章主要介绍具有疏肝理气功效的食材、中药材及食养方;第七章主要介绍具有清脾健胃功效的食材、中药材及食养方;第八章主要介绍具有清肺润肺功效的食材、中药材及食养方;第九章主要讲具有滋阴补肾功效的食材、中药材及食养方。
●
相关链接 在E读中查询图书 在五车中查询图书 在当当中查询图书 在豆瓣中查询图书


正题名:《黄帝内经》中的对症食养方     索取号:R221/588         预约/预借

序号 登录号 条形码 馆藏地/架位号 状态 备注
1 1338652   213386520   第二样本阅览室/ [索取号:R221/588] 在馆    
2 1338653   213386539   第三借阅区/ [索取号:R221/588] 在馆    
3 1338654   213386548   第三借阅区/ [索取号:R221/588] 在馆    
4 1338655   213386557   第三借阅区/ [索取号:R221/588] 在馆    
唐山师范学院图书馆 欢迎您!
大连网信软件有限公司© 版权所有